Giáo trình bồi dưỡng nghiệp vụ quản lý giáo dục

Trong phần 2 gồm 4 chuyên đề: Quản lý hành chính nhà nước về giáo dục và đào tạo, Quản lý và thực thi hệ thống văn bản quản lý Nhà nước trong GD&ĐT, Thanh tra, kiểm tra trong Giáo dục phổ thông, Đánh giá, kiểm định chất lượng Giáo dục pho...

সম্পূর্ণ বিবরণ

সংরক্ষণ করুন:
গ্রন্থ-পঞ্জীর বিবরন
বিন্যাস: গ্রন্থ
ভাষা:Undetermined
প্রকাশিত: Cần Thơ Đại học Cần Thơ 2017
বিষয়গুলি:
ট্যাগগুলো: ট্যাগ যুক্ত করুন
কোনো ট্যাগ নেই, প্রথমজন হিসাবে ট্যাগ করুন!
Thư viện lưu trữ: Trung tâm Học liệu Trường Đại học Cần Thơ
LEADER 00960nam a2200181Ia 4500
001 CTU_229581
008 210402s9999 xx 000 0 und d
082 |a 371.2 
082 |b Gi108/P.2 
245 0 |a Giáo trình bồi dưỡng nghiệp vụ quản lý giáo dục 
245 0 |c Phan Huy Hùng (Biên soạn) ... [et al.] 
260 |a Cần Thơ 
260 |b Đại học Cần Thơ 
260 |c 2017 
520 |a Trong phần 2 gồm 4 chuyên đề: Quản lý hành chính nhà nước về giáo dục và đào tạo, Quản lý và thực thi hệ thống văn bản quản lý Nhà nước trong GD&ĐT, Thanh tra, kiểm tra trong Giáo dục phổ thông, Đánh giá, kiểm định chất lượng Giáo dục phổ thông 
650 |a Quản trị học đường,School administrators 
910 |b nthai 
980 |a Trung tâm Học liệu Trường Đại học Cần Thơ